Historia de la literatura hispanoamericana : el siglo XIX, 1780-1914 /

Gardado en:
Detalles Bibliográficos
Autor Principal: Lazo, Raimundo (autor)
Formato: Libro
Idioma:Lingua castelá
Publicado: México : Porrúa, 1970, c1967
Etiquetas: Engadir etiqueta
Sen Etiquetas, Sexa o primeiro en etiquetar este rexistro!

MARC

LEADER 00000nam^a2200000^a^4500
001 000625318
005 20251205000000.0
009 20260310134012.811
037 |a Acervo ITESO - Biblioteca 
041 |a ESP 
091 |a FOB. 03456 
100 |a Lazo, Raimundo  |e (autor) 
245 1 0 |a Historia de la literatura hispanoamericana :  |b el siglo XIX, 1780-1914 / 
264 4 |a México :  |b Porrúa,  |c 1970, c1967 
300 |a 333 p. 
336 |a texto  |b txt  |2 rdacontenido 
337 |a sin mediación  |b n  |2 rdamedio 
338 |a volumen  |b nc  |2 rdasoporte 
649 |a XX 
910 |a Fondo Carlos de Obeso Orendain 
920 |a Impresos - Libros 
930 |a Fondos Especiales 
940 |a Literatura 
905 |a 147 
901 |a 625353-10  |b IT2  |c ESP  |i D  |u 20251205 
902 |a https://opac.biblio.iteso.mx/vufind/Record/000625318